|
|
|
|
| LEADER |
00000nam0a2200000 4500 |
| 001 |
247824 |
| 005 |
20240112112203.0 |
| 035 |
|
|
|a (RuTPU)RU\TPU\book\269437
|
| 090 |
|
|
|a 247824
|
| 100 |
|
|
|a 20140115d2013 k y0rusy50 ca
|
| 101 |
0 |
|
|a rus
|
| 102 |
|
|
|a RU
|
| 105 |
|
|
|a a z 111zy
|
| 200 |
1 |
|
|a Стратегия и практика обучения иностранных граждан в инновационном университете
|e сборник материалов Всероссийского семинара (с международным участием), посвященного 10-летию подготовительного отделения и кафедры русского языка как иностранного Института международного образования и языковой коммуникации ТПУ, 22-23 ноября 2012 г., г. Томск
|f Национальный исследовательский Томский политехнический университет (ТПУ), ред.: Т. С. Петровская ; Е. В. Михалева ; Н. И. Гузарова ; Т. Ф. Волкова
|
| 210 |
|
|
|a Томск
|c Изд-во ТПУ
|d 2013
|
| 215 |
|
|
|a 292 с.
|c ил.
|
| 320 |
|
|
|a Библиография в конце докладов.
|
| 330 |
|
|
|a В сборнике рассматривают вопросы, связанные с историей подразделений, анализом накопленного опыта и стратегией будущего развития в рамках реформирования высшей школы РФ. Особое внимание уделяется месту и роли предвузовской подготовки иностранных граждан в системе международного образования российских вузов, проблемам применения инновационных подходов и технологий развития лингвистических и профессиональных компетенций иностранных студентов, а также когнитивным и этнопсихологическим основам преподавания русского языка как иностранного.
|
| 606 |
1 |
|
|a Иностранные языки
|x Изучение
|2 stltpush
|3 (RuTPU)RU\TPU\subj\12663
|9 39410
|
| 610 |
1 |
|
|a высшее образование
|
| 610 |
1 |
|
|a лингвистика
|
| 610 |
1 |
|
|a лингвистическое образование
|
| 610 |
1 |
|
|a языковые коммуникации
|
| 610 |
1 |
|
|a русский язык для иностранцев
|
| 610 |
1 |
|
|a русский язык как иностранный
|
| 610 |
1 |
|
|a обучение
|
| 610 |
1 |
|
|a преподавание
|
| 610 |
1 |
|
|a труды учёных ТПУ
|
| 610 |
1 |
|
|a конференции
|
| 686 |
|
|
|a Ш12-9л0
|2 rubbk
|
| 702 |
|
1 |
|a Петровская
|b Т. С.
|c химик-технолог
|c доцент Томского политехнического университета, кандидат технических наук
|c заместитель проректора по образовательной и международной деятельности
|f 1954-
|g Татьяна Семёновна
|3 (RuTPU)RU\TPU\pers\24483
|
| 702 |
|
1 |
|a Михалева
|b Е. В.
|c лингвист
|c доцент Томского политехнического университета, кандидат филологических наук
|f 1965-
|g Елена Владимировна
|3 (RuTPU)RU\TPU\pers\28711
|
| 702 |
|
1 |
|a Гузарова
|b Н. И.
|c историк
|c доцент Томского политехнического университета, кандидат исторических наук
|f 1955-
|g Надежда Ивановна
|3 (RuTPU)RU\TPU\pers\26631
|
| 702 |
|
1 |
|a Волкова
|b Т. Ф.
|c лингвист
|c доцент Томского политехнического университета, кандидат филологических наук
|f 1974-
|g Татьяна Фёдоровна
|3 (RuTPU)RU\TPU\pers\24589
|9 10887
|
| 712 |
0 |
2 |
|a Национальный исследовательский Томский политехнический университет (ТПУ)
|c (2009- )
|3 (RuTPU)RU\TPU\col\15902
|
| 712 |
1 |
2 |
|a Стратегия и практика обучения иностранных граждан в инновационном университете
|b Всероссийский семинар
|e Томск
|f 2012
|
| 801 |
|
1 |
|a RU
|b 63413507
|c 20140115
|
| 801 |
|
2 |
|a RU
|b 63413507
|c 20140128
|g RCR
|
| 942 |
|
|
|c BK
|